000 00262nam a22001217a 4500
008 170815b xxu||||| |||| 00| 0 eng d
041 _aeng
080 _a311
100 _a36
101 _aMAT
245 _aELMENTARY STATISTICS
_cBLUMAN.A.G
942 _2udc
_cBK
999 _c23496
_d23496